| 000 | 01319nam a2200349 i 4500 | ||
|---|---|---|---|
| 001 | 11375244 | ||
| 003 | EG-ScBUE | ||
| 005 | 20230404114718.0 | ||
| 008 | 080808s2008 enkacf f b 001 0 eng d | ||
| 020 | _a9781854599964 (pbk.) | ||
| 035 | _a(OCoLC)ocn846813413 | ||
| 035 | _a11375244 | ||
| 040 |
_aUKM _beng _erda _cUKM _dCtY _dEG-ScBUE |
||
| 082 | 0 | 4 |
_a792.025 _222 _bPIL |
| 100 | 1 |
_aPilbrow, Richard, _eauthor. |
|
| 245 | 1 | 0 |
_aStage lighting design : _bthe art, the craft, the life / _cRichard Pilbrow ; foreword by Harold Prince ; with contributions by Dawn Chiang, John B. Read, and Robert Bryan ; illustrations by Lucy Gaskell. |
| 264 | 1 |
_aLondon : _bNick Hern Books, _c2008. |
|
| 300 |
_axxvi, 475 pages, [16] pages of plates : _billustrations (some color), portraits ; _c26 cm |
||
| 336 |
_2rdacontent _atext _btxt |
||
| 337 |
_2rdamedia _aunmediated _bn |
||
| 338 |
_2rdacarrier _avolume _bnc |
||
| 504 | _aIncludes bibliographical references and index. | ||
| 650 | 7 |
_aStage lighting. _2BUEsh |
|
| 653 |
_bART _cApril2023 |
||
| 655 | _vReading book | ||
| 700 | 1 |
_aChiang, Dawn, _econtributor. |
|
| 700 | 1 |
_aRead, John B., _econtributor. |
|
| 700 | 1 |
_aBryan, Robert, _econtributor. |
|
| 700 | 1 |
_aGaskell, Lucy, _eillustrator. |
|
| 700 | 1 |
_aPrince, Harold, _eauthor of introduction, etc. |
|
| 942 |
_2ddc _cBB |
||
| 999 |
_c30267 _d30238 |
||